Top 25 Greatest Film Heroes - Statistics

General Stats
  • This quiz has been taken 107 times
  • The average score is 11 of 25
Answer Stats
Position Movie Title Character's Name % Correct
2 Raiders of the Lost Ark (1981) Indiana Jones
96%
3 Dr No (1963) James Bond
83%
7 Rocky (1976) Rocky Balboa
82%
21 Gandhi (1982) Gandhi
80%
14 Star Wars (1977) Han Solo
79%
13 Schindler's List (1993) Oskar Schindler
78%
18 The Adventures of Robin Hood (1938) Robin Hood
78%
22 Spartacus (1960) Spartacus
72%
10 Lawrence of Arabia (1962) T E Lawrence
71%
1 To Kill a Mockingbird (1962) Atticus Finch
61%
8 Aliens (1986) Ellen Ripley
54%
6 The Silence of the Lambs (1991) Clarice Starling
47%
16 Shane (1953) Shane
47%
25 The Pride of the Yankees (1943) Lou Gehrig
29%
4 Casablanca (1942) Rick Blaine
27%
9 It's a Wonderful Life (1946) George Bailey
21%
11 Mr Smith Goes to Washington (1939) Jefferson Smith
19%
12 The Grapes of Wrath (1940) Tom Joad
19%
19 In the Heat of the Night (1967) Virgil Tibbs
19%
17 Dirty Harry (1971) Harry Callaghan
14%
5 High Noon (1952) Will Kane
6%
23 On the Waterfront (1954) Terry Molloy
5%
24 Thelma and Louise Thelma Dickerson and Louise Sawyer
5%
15 Norma Rae (1979) Norma Rae Webster
4%
20 HARD - Butch Cassidy and the Sundance Kid (1969) Robert Parker and Harry Longabaugh
1%
No matching quizzes found
Score Distribution
Percent of People with Each Score
Percentile by Number Answered
Your Score History
You have not taken this quiz